[Event "Tashkent FIDE GP"]
[Site "Tashkent UZB"]
[Date "2014.10.28"]
[Round "7"]
[White "Vachier Lagrave, M."]
[Black "Jobava, Ba"]
[Result "1/2-1/2"]
[WhiteElo "2757"]
[BlackElo "2717"]
[PlyCount "75"]
[EventDate "2014.10.20"]

1. e4 c6 2. d4 d5 3. e5 Bf5 4. Nf3 e6 5. Be2 Nd7 6. O-O h5 $5 {Leave it up to
Jobava to play something weird in a known position.} 7. Nbd2 Nh6 8. Ne1 g5 9.
Nb3 g4 {Black's kingside expansion gives him some actual space, something
Caro-Kann players usually don't have in this variation.} 10. Nd3 Be4 11. Nf4
Nf5 {Black traps hiw own bishop on e4, but he has an idea.} 12. f3 gxf3 13.
gxf3 Rg8+ 14. Ng2 (14. Kh1 Bxc2 15. Qxc2 Qh4 16. Rg1 Rxg1+ 17. Kxg1 O-O-O {
there should be a way to consolidate here for White, but it might not have
been so easy to find over the board.}) 14... Bxc2 15. Qxc2 a5 $1 {Black is
down a piece, and it is possible he does not have enough compensation. However
he has practical chances as he has pressure on d4, an open g-file and White
has no clear plan.} 16. a4 Qh4 17. Bd3 $2 {MVL errs almost immediately.} (17.
f4 $1 {There was no good reason to give up the d4-pawn.} Qh3 18. Bd1 Nh4 19.
Rf2 $16 {This looks scary, and it still doesn't solve the problem of how to
untangle, but It was important to keep all the material.} c5 $1) 17... Nxd4 18.
Nxd4 Qxd4+ 19. Kh1 Nxe5 {With three pawns for the piece Black will be ok in
the long run. MVL tries to mix things up quickly.} 20. Bh7 Rg7 21. Be3 Qc4 22.
b3 Qxc2 23. Bxc2 Rg8 24. Nf4 h4 25. Rae1 Be7 {Perhaps White is a little better,
but Black is so solid that it is very difficult to do anything.} 26. Bd2 Nd7
27. Rg1 Rf8 $2 {This gives White too much space.} (27... Rh8 $1 {Is the better
move.} 28. Rg7 Kf8 (28... Bf6 $6 29. Nxe6 $1) 29. Nxe6+ fxe6 30. Rxe6 Re8 31.
Bc3 Bf6 $1 $14) 28. Rg7 Bf6 29. Rh7 Ne5 30. Nh5 Nxf3 31. Nxf6+ Ke7 32. Rf1 $2 {
MVL misses his chance to win the game.} (32. Ng4 $1 Nxd2 33. Ne5 $1 {The point
is that here Black's knight is trapped and the f7-pawn is close to hanging.}
Ke8 34. Rd1 Ne4 35. Bxe4 dxe4 36. Kg2 $18 {Black has 4 pawns for the knight,
but he is paralyzed and White will easily gobble up h4.}) 32... Nxd2 33. Rf2 b5
34. Rxh4 bxa4 35. Rxa4 Rfb8 36. Nxd5+ cxd5 37. Rxd2 Rb4 38. Ra1 {Perhaps both
players had enough of the fight. Despite White's material advantage the most
logical conclusion for this game would be a draw as at some point he probably
has to sacrifice his bishop for one or two of the passed pawns.} 1/2-1/2

[Event "Tashkent FIDE GP"]
[Site "Tashkent UZB"]
[Date "2014.10.28"]
[Round "7"]
[White "Jakovenko, D."]
[Black "Andreikin, D."]
[Result "1/2-1/2"]
[WhiteElo "2747"]
[BlackElo "2722"]
[PlyCount "62"]
[EventDate "2014.10.20"]

1. d4 d5 2. c4 e6 3. Nf3 Nf6 4. Nc3 Be7 5. Bf4 O-O 6. e3 Nbd7 7. c5 Nh5 8. Bd3
Nxf4 9. exf4 b6 10. b4 a5 11. a3 c6 12. O-O Qc7 13. g3 Ba6 14. Kg2 Bxd3 15.
Qxd3 Ra7 16. Rfc1 Rfa8 17. Rab1 axb4 18. axb4 Ra3 19. Qc2 Bf6 {A novelty that
changes very little.} (19... h6 {Onischuk-Jakovenko, 2013}) 20. Nd1 b5 21. Ne3
g6 22. Qd1 R8a4 23. Nc2 Ra2 24. Ne5 Bg7 25. Ra1 f6 26. Nxd7 Qxd7 27. Rxa2 Rxa2
28. Ra1 Qa7 29. Qe1 Kf7 30. Qc3 Rxa1 31. Nxa1 Qa2 1/2-1/2

[Event "Tashkent FIDE GP"]
[Site "Tashkent UZB"]
[Date "2014.10.28"]
[Round "7"]
[White "Karjakin, Sergey"]
[Black "Giri, A."]
[Result "1-0"]
[WhiteElo "2767"]
[BlackElo "2768"]
[PlyCount "83"]
[EventDate "2014.10.20"]

1. Nf3 c5 2. e4 e6 3. d4 cxd4 4. Nxd4 Nc6 5. Nc3 Qc7 6. Be3 a6 7. Qf3 {White
always keeps finding new resources against the Sicilian. This early Queen
sortie has been seen a few times. The idea is that 0-0-0 will come sooner and
White can pressure g7 quickly by putting his queen on g3.} Ne5 {rare, and
honestly quite strange. White does want to play f4 at some point.} (7... b5 {
was Grischuk-Wang Hao in the Mindsports games blitz section last year.}) 8. Qg3
h5 9. f3 (9. O-O-O {looked more to the point.}) 9... b5 10. O-O-O d6 11. f4 {
Better late than never.} Ng4 12. e5 {A typical Sicilian. White is fully
mobilized and attempts a pawn break. Black is trying to withstand the opening
of the position with a solid structure and a pair of bishops.} dxe5 $2 13. fxe5
$2 (13. Ndxb5 axb5 14. Bxb5+ Ke7 15. fxe5 Nxe5 16. Bb6 $1 Qxb6 17. Qxe5 Nf6 18.
Rhf1 $18 {and to say that Black's position is uncomfortable is selling it very
short.}) 13... Nxe3 14. Qxe3 Bd7 15. Be2 {regardless because Black doesn't
have a clear way to develop his pieces he is not going to be doing very well
in this game.} g6 {threatening a cheapo on h6, but it just helps White's
attack.} 16. Qf3 Rc8 17. Rhf1 Rh7 18. Kb1 Bb4 19. Ne4 Qxe5 20. h4 f5 21. Ng5 {
White has full deployment and Black is underdeveloped, his king is in the
center and he is full of weaknesses.} Re7 22. Qb7 Bc5 23. Ngf3 (23. Nxf5 $1 {
But this was not the only way.} exf5 24. Rxd7 Rb8 25. Rfd1 $1 {the queen is
taboo because of checkmate on d8.}) 23... Qc7 24. Qxa6 Bxd4 25. Nxd4 Kf8 26. c3
Nf6 27. Bxb5 Bxb5 28. Qxb5 {The smoke has cleared somewhat.  Giri can consider
himself lucky: all he has lost so far is a pawn.} e5 $2 {Way too optimistic,
or just missing White's next move.} (28... Ne4 29. Qb4 Kg8 {gives Black some
chances to survive.}) 29. Qa6 Kg7 (29... Kf7 30. Nb5 $18) 30. Ne6+ Rxe6 31.
Qxe6 {now the material advantage is too big.} Re8 32. Qd6 Qb7 33. Rfe1 Re7 34.
g3 Ne4 35. Qb4 Qxb4 36. cxb4 Nxg3 37. b5 f4 38. b6 f3 39. Rg1 Ne2 $2 (39... Nf5
$1 {why put the knight on the way of the pawns? that being said, Black is
probably toast anyways.}) 40. Rgf1 e4 41. a4 Ng3 42. Rf2 {Black cannot move
anything now and the a and b  pawns will secure victory.} 1-0

[Event "Tashkent FIDE GP 2014"]
[Site "Tashkent UZB"]
[Date "2014.10.29"]
[Round "8.1"]
[White "Giri, Anish"]
[Black "Jakovenko, Dmitry"]
[Result "1/2-1/2"]
[WhiteElo "2768"]
[BlackElo "2747"]
[PlyCount "95"]
[EventDate "2014.10.21"]

1. c4 Nf6 2. Nc3 c5 3. g3 e6 4. Nf3 b6 5. Bg2 Bb7 6. O-O Be7 7. d4 cxd4 8. Qxd4
O-O 9. Rd1 d6 (9... Nc6 {"gaining a tempo on the queen" is actually a bad move,
and has been known for a long time.} 10. Qf4 {starts giving White too much
pressure on d6, limiting Black's choices.}) 10. Bg5 Nc6 11. Qf4 Qb8 {It's
surprising that Black can get away without playing a6, but this is modern
chess and everything is calculated to maximize effectiveness.} 12. Nb5 Ne5 13.
Bxf6 Bxf6 14. Nxd6 Nxf3+ 15. Bxf3 Bxf3 16. Qxf3 Bxb2 17. Rab1 Be5 18. c5 Qc7
19. Qe4 Qxc5 20. Rbc1 Bxd6 21. Rxc5 Bxc5 22. Qd3 {The first new move, but the
position obviously remains the same. Black is very close to simply calling th
is a fortress and shuffling his rook back and forth to achieve a draw.} (22.
Rd7 {was played last year in the Spanish team championship game between Bacrot
and Nisipeanu, so nothing here is new.}) 22... a5 23. a4 Rae8 24. Kg2 e5 25.
Qe4 Re6 26. Rd5 Rfe8 27. g4 h6 28. e3 g6 29. h4 Kg7 30. Kf1 Kg8 31. Ke2 Kg7 32.
Kf1 Kg8 33. Kg1 Kh8 34. Rd7 R6e7 35. Rd1 Kg7 36. Kg2 Re6 37. Rd5 Kh8 38. g5
hxg5 39. hxg5 Kg8 40. Kg3 Bf8 {If White doubles on the h-file, the bishop will
go to g7 to defend. If White pressures b6, it will go to c5.} 41. Rd7 R6e7 42.
Rd1 Re6 43. Kg2 Bc5 44. Rh1 Bf8 45. Qh4 Bg7 46. Qe4 Bf8 47. Rb1 Bb4 48. Rh1
1/2-1/2

[Event "Tashkent FIDE GP 2014"]
[Site "Tashkent UZB"]
[Date "2014.10.29"]
[Round "8.5"]
[White "Gelfand, Boris"]
[Black "Jobava, Baadur"]
[Result "0-1"]
[WhiteElo "2748"]
[BlackElo "2717"]
[PlyCount "60"]
[EventDate "2014.10.21"]

1. d4 e6 2. c4 b6 3. e4 Bb7 {This set-up is not as uncommon as people think.}
4. Bd3 Bb4+ 5. Bd2 (5. Kf1 $1 {Is probably the strongest move. So proved its
value agaisnt Jobava back in July with a convincing victory.}) 5... Bxd2+ 6.
Nxd2 d6 {Black is, surprisingly, probably almost ok here. He will have a space
disadvantage but he will slowly develop all his pieces to good squares and he
is very solid.} 7. f4 Nd7 8. Qg4 $6 {This aggression is not well prepared.}
Ngf6 9. Qxg7 Rg8 10. Qh6 Rxg2 (10... e5 $5) 11. Ngf3 Qe7 12. Qh3 Rg7 13. O-O-O
Ng4 $1 (13... O-O-O 14. Rhg1 Rdg8 15. Rg5 $1 $14) 14. Qg3 Ndf6 {White's queen
is in a surprisingly awkward situation. The threat is Nh5 followed by Nxf4.}
15. Ng5 $6 (15. Qe1 Nh5 16. f5 {was preferable.}) 15... h6 16. Nh3 O-O-O 17.
Rde1 Nh5 18. Qf3 Qh4 {White seems, if anything, over-extended. His pawns and
pieces are awkward and under severe pressure.} 19. Re2 $6 (19. Qf1 Nxf4 $1 20.
Nxf4 Nf2 $15) 19... Kb8 20. Bc2 f5 21. Qf1 Nhf6 {Black is playing the simplest
of moves, and Gelfand's position collapses on its own.} 22. Nf3 Qh5 23. exf5
exf5 24. d5 Re8 25. Rxe8+ Qxe8 26. Qd3 Re7 27. Rf1 Ne3 28. Rf2 Ba6 29. Bb3
Nexd5 {The first pawn falls. White can already resign.} 30. Qxf5 Bxc4 (30...
Bxc4 31. Bxc4 Re1+ 32. Kc2 (32. Nxe1 Qxe1+ 33. Kc2 Ne3+) 32... Ne3+) 0-1

[Event "Tashkent FIDE GP"]
[Site "Tashkent UZB"]
[Date "2014.10.31"]
[Round "9"]
[White "Jobava, Ba"]
[Black "Andreikin, D."]
[Result "0-1"]
[WhiteElo "2717"]
[BlackElo "2722"]
[PlyCount "78"]
[EventDate "2014.10.20"]

1. d4 d5 2. Nc3 {Leave it up to Jobava to make the game weird on move two.} Bf5
3. Bf4 e6 4. e3 Bd6 5. g4 Bg6 6. Nf3 Nd7 7. Bd3 Bxd3 8. Qxd3 {White has a
slight lead in development and has pushed g4, which si gnals that he will
castle queenside and expand on the kingside. Well, normal people would do that.
} Bxf4 9. exf4 h5 10. gxh5 (10. f5 $5 hxg4 11. fxe6 gxf3 12. exd7+ (12. exf7+
Kxf7 13. Nxd5 {is too optimistic.}) 12... Qxd7 13. O-O-O {is probably not good
for White.}) 10... Rxh5 11. Rg1 Qf6 {White's structure is ruined, but he has
some activity to show for it.} 12. Ne5 c6 13. Na4 $2 {A hard move to
understand. Jobava himself mentioned it was a rather bad idea. That being said,
White was probably already worse.} Qxf4 14. Nf3 e5 15. Rxg7 O-O-O $19 {Black
simply has a huge initiative now. With his king tucked in safely on c8 it is
White's king on e1 that is about to come under attack.} 16. Qe3 Qf6 17. Rg3
exd4 18. Qxd4 Qxd4 19. Nxd4 Rxh2 {White loses a pawn, but even worse his king
is still weak. He cannot 0-0-0 as f2 is hanging.} 20. Nf3 Rh1+ 21. Rg1 Rxg1+
22. Nxg1 d4 23. b3 Ngf6 24. Nf3 c5 25. Nb2 Kc7 26. a4 Re8+ 27. Kf1 Ne4 28. Nd3
b6 29. a5 Kb7 30. b4 Nc3 31. axb6 axb6 32. bxc5 bxc5 33. Nd2 Re2 34. Nb3 Kb6
35. Ra8 Rxc2 {Now it is clear that it's over.} 36. Ndxc5 Nxc5 37. Nxd4 Rc1+ 38.
Kg2 Nd5 39. Rf8 Ne6 0-1

[Event "Tashkent FIDE GP"]
[Site "Tashkent UZB"]
[Date "2014.10.31"]
[Round "9"]
[White "Karjakin, Sergey"]
[Black "Nakamura, Hi"]
[Result "1/2-1/2"]
[WhiteElo "2767"]
[BlackElo "2764"]
[PlyCount "51"]
[EventDate "2014.10.20"]

1. c4 Nf6 2. Nc3 g6 3. d4 Bg7 4. e4 d6 5. Nf3 O-O 6. h3 e5 7. d5 Nh5 8. g3 Na6
{With the surge of popularity of the 6.h3 system in the Classical King's
Indian Nakamura has had to try new things against it. This is his latest
attempt, to put both s ides on the rim hoping to counter-attack later.} 9. Be3
f5 10. exf5 gxf5 11. Ng5 Qe8 12. Be2 Nf6 13. Qd2 Qg6 14. O-O-O Bd7 15. h4 {It
is always difficult to assess this kind of positions. Black has counterplay
all over the board and can quickly break with c6 or sometimes even b5. He can
also push his central pawns to create more space, or put his knight on c5 and
follow it up  with a5. White has a space advantage but it is not very big,
meanwhile he is trying to cause problems by ramming the h-pawn forward. Only
many  practical tests usually determine whether the position is sound or not.}
Ng4 16. h5 Qe8 17. Bxg4 fxg4 18. Qe2 (18. a3 {and the computer claims White is
better, much better, but I don't trust it.}) 18... h6 19. Nge4 Qf7 20. a3 Bf5
21. Rh4 Qd7 22. Qd2 {It's still hard to understand what is happening in this
position. The players repeat as they both lack a clear plan.} Kh7 23. Qc2 Kh8
24. Qd2 Kh7 25. Qc2 Kh8 26. Qd2 1/2-1/2

[Event "Tashkent FIDE GP"]
[Site "Tashkent UZB"]
[Date "2014.11.01"]
[Round "10"]
[White "Nakamura, Hi"]
[Black "Jakovenko, D."]
[Result "1/2-1/2"]
[WhiteElo "2764"]
[BlackElo "2747"]
[PlyCount "67"]
[EventDate "2014.10.20"]

1. d4 Nf6 2. c4 e6 3. Nf3 d5 4. Nc3 Be7 5. Bg5 h6 6. Bh4 O-O 7. e3 Ne4 8. Bxe7
Qxe7 9. cxd5 Nxc3 10. bxc3 exd5 11. Bd3 c5 12. O-O Nc6 13. Re1 Be6 (13... Rd8
14. e4 dxe4 15. Bxe4 Qf6 {led to not mucuh in Topalov-Anand, 2011}) 14. e4 dxe4
15. Bxe4 cxd4 16. Bxc6 bxc6 17. Nxd4 Qc5 18. Nxe6 fxe6 19. Re3 {White's
structural advantage is not a big deal as the pressure on f2 counters it.
Moreover there is an immediate draw that Jakovenko missed.} Rf6 (19... Rxf2 20.
Kxf2 Rf8+ 21. Ke2 Qb5+ $1 22. Rd3 (22. Qd3 Qb2+ {hangs the a1 rook}) 22... Qb2+
23. Rd2 Qb5+ $11) 20. Qe2 Raf8 21. Rf1 Kh8 22. g3 Rd8 23. Rxe6 Rxe6 24. Qxe6
Qxc3 {White is probably slightly better because of Black's bad king position,
but it is not so relevant as he still has some counterplay and White's rook is
not in the attack just yet.} 25. Qe7 Qd4 26. Rc1 Rb8 27. Qf7 a5 28. Qf5 Qd2 29.
Rc2 Qd1+ 30. Kg2 Rb1 31. Qf8+ Kh7 32. Qf5+ Kh8 33. Qf8+ Kh7 34. Qf5+ 1/2-1/2

[Event "Tashkent FIDE GP"]
[Site "Tashkent UZB"]
[Date "2014.11.01"]
[Round "10"]
[White "Caruana, F."]
[Black "Karjakin, Sergey"]
[Result "1/2-1/2"]
[WhiteElo "2844"]
[BlackElo "2767"]
[PlyCount "82"]
[EventDate "2014.10.20"]

1. Nf3 d5 2. g3 g6 3. Bg2 Bg7 4. d4 Nf6 5. c4 c6 6. cxd5 cxd5 7. Nc3 Ne4 8. Qb3
Nxc3 9. bxc3 O-O 10. Nd2 e6 11. e4 Nc6 12. O-O Na5 13. Qd1 b6 14. e5 {Closing
the position gives White chances to attack on the kingside but severely limits
the defensive resources for the weak c3 pawn as there is no  pressure on d5.}
Ba6 15. Re1 Rc8 16. Re3 Re8 17. h4 Re7 18. h5 {White hopes to not lose his c3
pawn, because his position collapses. Black hopes not to get mated, because,
well, is checkmate.} Rec7 19. Bb2 Nc4 20. Nxc4 Bxc4 21. hxg6 hxg6 22. a4 b5 23.
axb5 Rb7 24. Ba3 Rxb5 25. f4 $6 {I can't say this move makes too much sense.
It looks wrong  to open the second rank to the enemy rooks, and the move
g4-Rh3 looked much more natural rather than waiting a move to do it.} a5 26. g4
Rcb8 27. Re1 $6 (27. Qe1 $13 {Caruana really had to start gunning for
checkmate at some point. The subtle plan is Rh3, g5, Qh4, Qh7.}) 27... Bf8 28.
Bxf8 Kxf8 (28... Qxf8 $1) 29. Qf3 Qh4 30. f5 {Caruana continues his ambitious
attack, mainly because if he doesn't the a -pawn will march to victory.} gxf5
31. gxf5 Ke7 32. Rec1 exf5 (32... Rh8 $1 {Black had the perfect opportunity to
start his own attack.} 33. Rab1 $8 Rh6 $1 {And White's attack runs out of
steam, meaning that Black's has good chances of succeeding.}) 33. Qxf5 Rb2 34.
Rc2 Rxc2 35. Qxc2 Rh8 36. Qf5 Rh6 37. Rb1 Kf8 38. Qf3 a4 $2 {Human, but only
good enough to draw.} (38... Ba6 $3 {Perhaps with more time Karjakin would
have been able to f ind this resource. The main point is that b7 is now
covered.} 39. Qxd5 a4 $19 {the pawn just keeps on marching. Of course this is
just a computer line, but it claims th at its completely winning; basically
White cannot defend his king and the advance of the a-pawn at the same time.})
39. Rb7 $2 {White's counterplay is in time to draw, but not like this.} (39.
Rb8+ $1 Kg7 40. Rb7 Qe1+ 41. Bf1 Qxf1+ 42. Qxf1 Bxf1 43. Kxf1 $11) 39... f6 $2
(39... Qe1+ $1 40. Bf1 Qxf1+ 41. Qxf1 Bxf1 42. Kxf1 a3 43. Ra7 Rh1+ 44. Kg2 Ra1
{seems like it is simply a lot endgame. Black will put his pawn on a2 and
march his king forward, taking c3 and d4 (maybe after exchanging f7 for e5).})
40. Rb8+ Kf7 41. Rb7+ Kf8 1/2-1/2

[Event "Tashkent FIDE GP"]
[Site "Tashkent UZB"]
[Date "2014.11.01"]
[Round "10"]
[White "Giri, A."]
[Black "Jobava, Ba"]
[Result "1/2-1/2"]
[WhiteElo "2768"]
[BlackElo "2717"]
[PlyCount "138"]
[EventDate "2014.10.20"]

1. Nf3 c5 2. c4 Nc6 3. d4 cxd4 4. Nxd4 e5 5. Nb5 d6 6. N1c3 a6 7. Na3 Be6 {
This variation reminds me of the Kalashnikov Sicilian, but in this case White
does not have to go e4, weakening his d4 square, but simply develop his bishop
with a Fianchetto.} 8. g3 f5 9. Bg2 Nf6 10. O-O Be7 11. e4 (11. Nd5 $5) 11...
fxe4 12. Nxe4 O-O 13. b3 Kh8 14. Nc2 Bg4 15. Qd2 Qd7 16. Bb2 Nxe4 17. Bxe4 Bf3
18. Qd5 Qg4 19. Rae1 Qh5 20. Re3 Bxe4 21. Qxe4 {The structure favors White,
but Black still has some counterplay on the kingside.} Rf6 22. Bc1 Raf8 23. Rd3
Rg6 24. Rd5 Bh4 {Jobava is clearly gunning for some kind of sacrifice on g3,
but at the moment there are no clear threats. That being said it is also not
easy for Giri to make progress as he cannot leave his kingside unguarded.} 25.
Ba3 Be7 26. Bc1 Qh3 27. Be3 Qh5 28. a3 Rg4 29. Qg2 Qe8 30. Nb4 h5 31. c5 $1 {
Well timed. Now that Jobava retreated his queen to push his h-pawn Giri has
some t ime to create threats on his own, specifically in the center.} Nxb4 (
31... dxc5 32. Nxc6 Qxc6 33. Rxe5 {loses either c5 or h5, and the game either
way.}) 32. axb4 Qg6 33. Rfd1 dxc5 34. Rxe5 {it's hard to understand why Giri
wanted this pawn out of all the ones that he could have taken.} (34. Rd7 Bf6
35. bxc5 {looks pretty lethal, with b7 falling next.}) 34... Bf6 35. Bxc5 (35.
Rxc5 Rxb4 36. Qf3 {now at least the queen attacks h5, which is surprisingly
hard to defend} Rxb3 37. Rd7 {with strong threats.}) (35. Qf3 {is some strong
computer move, but who would ever play that.}) 35... Bxe5 36. Bxf8 h4 37. Be7
$6 {Why put the bishop on e7?} (37. Bc5 {preserved a sizeable advantage.} hxg3
$2 38. Rd8+ {is not possible.} Kh7 39. Qh3+ Qh6 40. Qxg4 Qxh2+ 41. Kf1 {and in
this line f2 is covered, so there is no Qxf2 checkmate.}) 37... hxg3 38. Rd8+
Kh7 39. Qh3+ Qh6 40. Qxh6+ Kxh6 41. hxg3 {Now this endgame is better for White,
but far from won.} Re4 42. Rd7 b5 43. Bc5 Re1+ 44. Kg2 Ra1 45. Kf3 Kh7 46. Rd3
Bb2 47. Ke4 Ba3 48. Kd5 Rc1 49. Bd6 Rc8 50. Ke6 Kg6 51. f3 Rc6 52. Kd7 Rc2 53.
Ke6 Rc6 54. Ke7 Rc2 55. g4 Re2+ 56. Kd7 Rc2 {Giri simply doesn't find a good
way to make progress.} 57. Ke6 Re2+ 58. Kd5 Rc2 59. f4 Kf7 60. g5 Kg6 61. Ke6
Re2+ 62. Kd7 Re4 63. Be5 Bc1 64. Rf3 Kf5 65. Bxg7 Bxf4 66. Kc6 Kxg5 67. Kd5 Kf5
68. Bh6 Rxb4 69. Kc5 Rxb3 1/2-1/2